[Event "Znojemska rotunda 2002"]
[Site "?"]
[Date "2002.??.??"]
[Round "1"]
[White "Most, Zdenek"]
[Black "Svoboda, Jiri"]
[Result "1-0"]
[WhiteElo "2118"]
[BlackElo "1853"]
[PlyCount "101"]

1. d4 Nf6 2. Nf3 d5 3. g3 c6 4. Bg2 Bf5 5. O-O e6 6. c4 dxc4 7. Ne5 Be7 8. Nc3
Nbd7 9. e4 Bg6 10. Nxc4 b5 11. Nd2 Nb6 12. Ne2 c5 13. dxc5 Bxc5 14. Nb3 Bb4 15.
a3 Be7 16. Nbd4 Bxe4 17. Bxe4 Nxe4 18. Qd3 Nd6 19. Nxb5 O-O 20. Bf4 Ndc4 21.
Qxd8 Rfxd8 22. b3 {(=)} 22... Nd2 23. Bxd2 Rxd2 24. Nbc3 Bf6 25. Rac1 Rc8 26.
Rfe1 Bxc3 27. Rxc3 Rxc3 28. Nxc3 Rd3 29. Rd1 Rxd1+ 30. Nxd1 f5 31. Kf1 Kf7 32.
Ke2 e5 33. Kd3 Ke6 34. Nc3 a6 35. b4 Kd6 36. Nd1 Nd5 37. Nb2 Nc7 38. Nc4+ Kd5
39. Ne3+ Ke6 40. Kc4 f4 41. Nd1 f3 42. Nc3 Nb5 43. a4 Nd6+ 44. Kc5 h5 45. b5
axb5 46. axb5 g5 47. b6 e4 48. Kd4 Kf5 49. Nxe4 Nb7 50. Nc5 Na5 51. Kd5 1-0

[Event "Znojemska rotunda 2002"]
[Site "?"]
[Date "2002.??.??"]
[Round "1"]
[White "Divis, Jan"]
[Black "Fojtik, Tomas"]
[Result "0-1"]
[WhiteElo "1669"]
[BlackElo "2107"]
[PlyCount "78"]

1. d4 d5 2. Nf3 c6 3. e3 Nf6 4. c4 e6 5. Nc3 Nbd7 6. Bd3 dxc4 7. Bxc4 b5 8. Bd3
Bb7 9. O-O b4 10. Ne4 Be7 11. Nxf6+ Nxf6 12. b3 O-O 13. a4 c5 14. Bb2 cxd4 15.
Bxd4 Qa5 16. Rc1 Rfd8 17. Bxf6 Bxf6 18. Qe2 Bc3 19. Rfd1 h6 20. Bc4 Qc7 21.
Rxd8+ Rxd8 22. Rd1 Rd6 23. Rxd6 Qxd6 24. Qd3 Qxd3 25. Bxd3 Kf8 26. Bc4 Ke7 27.
Nd4 Bxd4 28. exd4 Kd6 29. Kf1 Bd5 30. Ke2 Bxg2 31. a5 f6 32. f3 Bh3 33. Ke3 Bf5
34. f4 g5 35. fxg5 hxg5 36. Be2 Bg6 37. Kd2 Be8 38. Bc4 Bc6 39. Be2 Bd5 0-1

[Event "Znojemska rotunda 2002"]
[Site "?"]
[Date "2002.??.??"]
[Round "1"]
[White "Talpa, Pavel"]
[Black "Blazkova, Petra"]
[Result "0-1"]
[WhiteElo "1854"]
[BlackElo "2132"]
[PlyCount "56"]

1. d4 Nf6 2. e3 g6 3. g3 Bg7 4. Bg2 d5 5. Nd2 O-O 6. Ngf3 c5 7. O-O Nbd7 8. b3
Re8 9. Bb2 e5 10. Ne1 exd4 11. exd4 Ne4 12. c4 Nxd2 13. Qxd2 dxc4 14. bxc4 Nb6
15. Rc1 cxd4 16. Nd3 Be6 17. c5 Nc4 18. Qb4 Nxb2 19. Qxb2 Bd5 20. Bxd5 Qxd5 21.
Qb5 Rad8 22. Rb1 Qf3 23. Qc4 h5 24. Ne1 Qe4 25. Qd3 Qd5 26. a4 Rc8 27. Qf3 Rxc5
28. Rxb7 Rxe1 0-1

[Event "Znojemska rotunda 2002"]
[Site "?"]
[Date "2002.??.??"]
[Round "1"]
[White "Doeekal, Jan"]
[Black "Dvorak, Tomas"]
[Result "0-1"]
[WhiteElo "1925"]
[BlackElo "2300"]
[PlyCount "88"]

1. Nf3 Nf6 2. g3 g6 3. Bg2 Bg7 4. c4 O-O 5. Nc3 d5 6. cxd5 Nxd5 7. O-O Nc6 8.
Qb3 Nb6 9. d4 Nxd4 10. Nxd4 Qxd4 11. Nb5 Qe5 12. Bf4 Qxe2 13. Nxc7 Rb8 14. Rae1
Qxb2 15. Rxe7 Qxb3 16. axb3 Bf5 17. Nb5 Bf6 18. Bxb8 Bxe7 19. Bd6 Bxd6 20. Nxd6
Be6 21. Ra1 Bxb3 22. Nxb7 Re8 23. Bf3 Ba4 24. Nc5 Bb5 25. h4 Re7 26. Nb7 a6 27.
Nc5 Nc4 28. Bg2 Rc7 29. Ne4 Kg7 30. Nc3 h5 31. Bf1 Rc5 32. Na4 Rc6 33. Nc3 Nd6
34. Nxb5 axb5 35. Rb1 Rc5 36. Bd3 Kf6 37. Kf1 Nc4 38. Ke2 Ke5 39. Rb4 Kd4 40.
Rb3 Re5+ 41. Kd1 Kc5 42. f3 b4 43. g4 hxg4 44. Rb1 Rd5 0-1

[Event "Znojemska rotunda 2002"]
[Site "?"]
[Date "2002.??.??"]
[Round "1"]
[White "Holemar, David"]
[Black "Hadac, Pavel"]
[Result "1-0"]
[WhiteElo "2284"]
[BlackElo "1907"]
[PlyCount "89"]

1. d4 Nf6 2. c4 g6 3. Nc3 d5 4. e3 Bg7 5. Qb3 c6 6. Nf3 O-O 7. Be2 dxc4 8. Bxc4
Nbd7 9. O-O e6 10. Rd1 b5 11. Be2 Qb6 12. e4 a5 13. h3 Bb7 14. Be3 Qc7 15. a3
Rfb8 16. Rac1 Qd8 17. Bf4 Rc8 18. Bg5 Qf8 19. e5 Nd5 20. Ne4 Rc7 21. Nc5 Nxc5
22. Rxc5 h6 23. Bd2 Qd8 24. Rcc1 Bf8 25. h4 a4 26. Qc2 Qd7 27. h5 Kg7 28. Qe4
c5 29. hxg6 fxg6 30. Bd3 Ne7 31. Qh4 Kh7 32. Ng5+ Kg7 33. Ne4 Nf5 34. Qf6+ Kh7
35. Nxc5 Bxc5 36. Bxf5 exf5 37. dxc5 Qd5 38. f3 Qd4+ 39. Kh2 Rd8 40. Bxh6 Qxb2
41. Rd2 Qb3 42. Rd6 Qf7 43. Qxf7+ Rxf7 44. e6 Re7 45. Bg5 1-0

[Event "Znojemska rotunda 2002"]
[Site "?"]
[Date "2002.??.??"]
[Round "1"]
[White "Svoboda, Antonin"]
[Black "Vlk, Miroslav"]
[Result "0-1"]
[WhiteElo "1861"]
[BlackElo "2160"]
[PlyCount "40"]

1. Nf3 Nf6 2. c4 g6 3. d4 Bg7 4. Nc3 O-O 5. e4 d6 6. Be2 Nbd7 7. O-O e5 8. Be3
a5 9. Qc2 exd4 10. Nxd4 Nc5 11. Rfd1 Qe7 12. f3 b6 13. a3 a4 14. Ndb5 Bb7 15.
Bxc5 dxc5 16. Nxa4 Nh5 17. Nac3 c6 18. Nd6 Bd4+ 19. Rxd4 cxd4 20. Nxb7 dxc3 0-1

[Event "Znojemska rotunda 2002"]
[Site "?"]
[Date "2002.??.??"]
[Round "1"]
[White "Rulfova, Zuzana"]
[Black "Sochor, Stanislav"]
[Result "0-1"]
[WhiteElo "1405"]
[BlackElo "2056"]
[PlyCount "76"]

1. e4 e6 2. Nc3 d5 3. d4 Bb4 4. Bd2 dxe4 5. Nge2 Nf6 6. Nxe4 Bxd2+ 7. Nxd2 b6
8. c3 Nbd7 9. Nf3 O-O 10. Nf4 Qe7 11. Nd3 Bb7 12. Be2 c5 13. b3 Ne4 14. Rc1
Rac8 15. O-O cxd4 16. cxd4 Qa3 17. Rxc8 Rxc8 18. Nd2 Nc3 19. Qe1 Nxe2+ 20. Qxe2
Qxa2 21. Nc1 Qa1 22. Nd3 Qxd4 23. Re1 Rc3 24. Nc1 Nc5 25. h3 h6 26. Rd1 Nd3 27.
Nxd3 Rxd3 28. b4 Bd5 29. Kh2 Bb3 30. Nxb3 Qd6+ 31. g3 Rxd1 32. Qe4 Qd5 33. Qxd5
Rxd5 34. Kg2 Rb5 35. Nd4 Rxb4 36. Nc6 a5 37. Nxb4 axb4 38. Kf3 b3 0-1

[Event "Znojemska rotunda 2002"]
[Site "?"]
[Date "2002.??.??"]
[Round "1"]
[White "Tejkal, Jiri"]
[Black "Spilka, Jaroslav"]
[Result "1-0"]
[WhiteElo "2053"]
[BlackElo "1374"]
[PlyCount "93"]

1. d4 Nf6 2. c4 b6 3. Nc3 Bb7 4. Bf4 d6 5. e3 Nbd7 6. Nf3 g6 7. Be2 Bg7 8. h3
Ne4 9. O-O c5 10. Nxe4 Bxe4 11. Qd2 Qc7 12. Ng5 Bb7 13. d5 h6 14. Nf3 O-O-O 15.
e4 a5 16. Rab1 Nf6 17. Bd3 e5 18. dxe6 fxe6 19. Qc2 e5 20. Bd2 Rhf8 21. Nh4 Qf7
22. a3 Nh5 23. b4 axb4 24. axb4 Qf6 25. Nf3 Nf4 26. Bxf4 exf4 27. e5 dxe5 28.
Be4 Bxe4 29. Qxe4 cxb4 30. Rxb4 Qd6 31. Qa8+ Kd7 32. Qb7+ Ke8 33. Rxb6 Qe7 34.
Qc6+ Qd7 35. Qxg6+ Rf7 36. Re6+ Kf8 37. Nxe5 Bxe5 38. Rxe5 Qd4 39. Qxh6+ Kg8
40. Rfe1 Qd7 41. Rg5+ Rg7 42. Rxg7+ Qxg7 43. Qxf4 Rf8 44. Qe5 Rf6 45. Re3 Rg6
46. Qxg7+ Rxg7 47. Rg3 1-0

[Event "Znojemska rotunda 2002"]
[Site "?"]
[Date "2002.??.??"]
[Round "1"]
[White "Pokorny, Jan"]
[Black "Blazek, Milos"]
[Result "0-1"]
[WhiteElo "1690"]
[BlackElo "2113"]
[PlyCount "44"]

1. e4 e5 2. Nf3 Nc6 3. Bb5 a6 4. Ba4 Nf6 5. O-O Be7 6. Re1 b5 7. Bb3 O-O 8. c3
d5 9. exd5 Nxd5 10. d4 exd4 11. Nxd4 Nxd4 12. Qxd4 c6 13. Bc2 Bf6 14. Qe4 g6
15. Bh6 Bf5 16. Qe2 Re8 17. Qxe8+ Qxe8 18. Rxe8+ Rxe8 19. Na3 b4 20. Bxf5 bxa3
21. Bd3 axb2 22. Rb1 Rb8 0-1

[Event "Znojemska rotunda 2002"]
[Site "?"]
[Date "2002.??.??"]
[Round "1"]
[White "Jurica, Peter"]
[Black "Belunek, Zdenek"]
[Result "1-0"]
[WhiteElo "2142"]
[BlackElo "1859"]
[PlyCount "73"]

1. Nf3 d5 2. d4 c6 3. c4 e6 4. Nc3 f5 5. Bg5 Nf6 6. e3 Nbd7 7. Ne5 Be7 8. Nxd7
Bxd7 9. Bd3 O-O 10. O-O Bd6 11. Rc1 Qe8 12. Bf4 Bxf4 13. exf4 Qg6 14. Re1 Qh6
15. Qf3 Ne4 16. Qe3 Rae8 17. f3 Nf6 18. g3 Qh5 19. Qe5 Bc8 20. Kg2 Qf7 21. Re2
Nd7 22. Qd6 Qf6 23. Rd1 Nb6 24. c5 Nd7 25. Bc2 Rf7 26. b4 Nf8 27. b5 Ng6 28.
bxc6 Rd8 29. cxb7 Rxb7 30. Qc6 Rb4 31. Qc7 Rb7 32. Qa5 Bd7 33. Rde1 Rdb8 34. c6
Bxc6 35. Rxe6 Qxd4 36. Rxc6 Rb2 37. Qxd5+ 1-0

[Event "Znojemska rotunda 2002"]
[Site "?"]
[Date "2002.??.??"]
[Round "1"]
[White "Adam, Petr sr"]
[Black "Antos, Jakub"]
[Result "1-0"]
[WhiteElo "2108"]
[BlackElo "1675"]
[PlyCount "111"]

1. c4 Nf6 2. Nc3 e6 3. d4 d5 4. cxd5 exd5 5. Bg5 c6 6. e3 Nbd7 7. Bd3 Be7 8.
Qc2 h6 9. Bh4 O-O 10. Nge2 Re8 11. h3 Nf8 12. g4 c5 13. O-O-O c4 14. Bf5 g6 15.
Bxc8 Rxc8 16. Bxf6 Bxf6 17. Nf4 Bg7 18. Nfxd5 Qa5 19. Qa4 Qxa4 20. Nxa4 Ne6 21.
Nac3 Ng5 22. h4 Ne4 23. Nxe4 Rxe4 24. f3 Re6 25. g5 Kf8 26. e4 Rd8 27. a3 hxg5
28. hxg5 Rxd5 29. exd5 Rd6 30. Rhe1 Rxd5 31. f4 b5 32. Re4 f6 33. Rde1 fxg5 34.
fxg5 Rxg5 35. Rf1+ Rf5 36. Rxf5+ gxf5 37. Rh4 Bf6 38. Rh5 Bxd4 39. Rxf5+ Ke7
40. Rxb5 Kd6 41. Kc2 Kc6 42. Rh5 Kd6 43. b3 cxb3+ 44. Kxb3 Kc6 45. Kc4 Be3 46.
Re5 Bf2 47. Re6+ Kb7 48. Kb5 Kc7 49. a4 Bg1 50. Rc6+ Kd7 51. Rc2 Be3 52. a5 Bg1
53. Ka6 Be3 54. Kb7 Bg1 55. Rd2+ Ke7 56. Kc7 1-0

[Event "Znojemska rotunda 2002"]
[Site "?"]
[Date "2002.??.??"]
[Round "1"]
[White "Petlak, Josef jr"]
[Black "Valenta, Vit"]
[Result "0-1"]
[WhiteElo "1525"]
[BlackElo "2075"]
[PlyCount "92"]

1. e4 e5 2. Nf3 Nc6 3. Bb5 a6 4. Ba4 Nf6 5. d3 d6 6. Bg5 Be7 7. O-O Bg4 8. h3
Bh5 9. Bxc6+ bxc6 10. Nbd2 h6 11. Be3 O-O 12. Qe1 c5 13. Nh2 Nd7 14. f4 exf4
15. Bxf4 Bf6 16. Rb1 Rb8 17. b3 Ne5 18. Ndf3 Nc6 19. c3 Re8 20. Qd2 Kh7 21. Rf2
Qd7 22. Nf1 Bg6 23. Ne3 Ne5 24. Nd5 Bd8 25. Rbf1 c6 26. Ne3 Rb7 27. Bg3 Nxf3+
28. Rxf3 d5 29. exd5 cxd5 30. Kh2 Bg5 31. Bf4 Bd8 32. Bg3 Ba5 33. d4 Rb5 34.
dxc5 d4 35. Nc4 Rxc5 36. Qxd4 Rd5 37. Qf4 Bd8 38. Qc1 Re2 39. R3f2 Bg5 40. Bf4
Rxf2 41. Rxf2 Rd1 42. Qb2 Bxf4+ 43. Rxf4 Qc7 44. g3 Qe7 45. Qf2 Re1 46. Rf3 Re2
0-1

[Event "Znojemska rotunda 2002"]
[Site "?"]
[Date "2002.??.??"]
[Round "1"]
[White "Mlensky, Dalibor"]
[Black "Kubicek, Martin"]
[Result "1-0"]
[WhiteElo "2095"]
[BlackElo "1585"]
[PlyCount "79"]

1. e4 c5 2. Nf3 Nc6 3. Bb5 e6 4. O-O Nge7 5. d4 d5 6. dxc5 a6 7. Bxc6+ Nxc6 8.
exd5 Qxd5 9. Qxd5 exd5 10. Be3 Bg4 11. Nbd2 h5 12. c3 h4 13. h3 Bf5 14. b4 Bd3
15. Rfe1 O-O-O 16. Bg5 f6 17. Bxh4 d4 18. cxd4 Nxb4 19. Re3 Nc2 20. Rxd3 Nxa1
21. Rc3 g5 22. Bg3 Bh6 23. Rc1 g4 24. hxg4 Bxd2 25. Nxd2 Rxd4 26. Nf3 Nc2 27.
Nxd4 Nxd4 28. Re1 Rh7 29. f3 f5 30. Bf2 Nc2 31. Re2 Nb4 32. gxf5 Nd3 33. f6 Rf7
34. Bh4 Nxc5 35. Rc2 b6 36. g4 Kb7 37. g5 Rf8 38. Rxc5 bxc5 39. g6 Rg8 40. f7
1-0

[Event "Znojemska rotunda 2002"]
[Site "?"]
[Date "2002.??.??"]
[Round "1"]
[White "Skaroupka, Jiri"]
[Black "Bastyr, Pavel"]
[Result "1-0"]
[WhiteElo "2059"]
[BlackElo "1518"]
[PlyCount "37"]

1. Nf3 d5 2. g3 Nf6 3. Bg2 c5 4. O-O e6 5. d3 Be7 6. Nbd2 O-O 7. e4 Nc6 8. e5
Nd7 9. Re1 Qc7 10. Qe2 Rb8 11. Nf1 b5 12. Bf4 Qb6 13. h4 c4 14. N1h2 Ba6 15. h5
h6 16. Ng4 Kh7 17. Qd2 Rg8 18. Bxh6 gxh6 19. Qxh6# 1-0

[Event "Znojemska rotunda 2002"]
[Site "?"]
[Date "2002.??.??"]
[Round "1"]
[White "Rajnoha, Lubos"]
[Black "Dvorak, Libor"]
[Result "0-1"]
[WhiteElo "1342"]
[BlackElo "2046"]
[PlyCount "56"]

1. c4 Nf6 2. Nc3 g6 3. Nf3 Bg7 4. g3 O-O 5. Bg2 c5 6. O-O Nc6 7. e3 d6 8. d4
cxd4 9. exd4 Bf5 10. Bf4 Rc8 11. b3 Nh5 12. Ne2 Nxf4 13. Nxf4 e5 14. dxe5 dxe5
15. Qxd8 Rcxd8 16. Nd5 e4 17. Ng5 Bxa1 18. Rxa1 Kg7 19. Re1 Rfe8 20. Bxe4 h6
21. Nc7 hxg5 22. Nxe8+ Rxe8 23. f3 Bxe4 24. Rxe4 Rxe4 25. fxe4 Kf6 26. Kf2 Ke5
27. Ke3 Nb4 28. a3 Nc2+ 0-1

[Event "Znojemska rotunda 2002"]
[Site "?"]
[Date "2002.??.??"]
[Round "2"]
[White "Blazkova, Petra"]
[Black "Tejkal, Jiri"]
[Result "1-0"]
[WhiteElo "2132"]
[BlackElo "2053"]
[PlyCount "67"]

1. e4 d5 2. exd5 Qxd5 3. Nc3 Qd6 4. d4 Nf6 5. Nf3 a6 6. Ne5 c5 7. Nc4 Qe6+ 8.
Be3 cxd4 9. Qxd4 Nc6 10. Qd2 Bd7 11. O-O-O g6 12. Re1 Bg7 13. Bf4 Qg4 14. h3
Qh5 15. Be2 Qc5 16. Be3 Qf5 17. Bd3 Qh5 18. g4 Bxg4 19. hxg4 Qxg4 20. Rhg1 Qf3
21. Rg3 Qh5 22. Be2 Qh4 23. Bf4 Rd8 24. Qe3 Nh5 25. Bg5 Qh2 26. Bf3 Nxg3 27.
Bxc6+ Kf8 28. Qxe7+ Kg8 29. Qxd8+ Bf8 30. fxg3 bxc6 31. Re8 Qg1+ 32. Nd1 Kg7
33. Qf6+ Kg8 34. Rxf8+ 1-0

[Event "Znojemska rotunda 2002"]
[Site "?"]
[Date "2002.??.??"]
[Round "2"]
[White "Spilka, Jaroslav"]
[Black "Talpa, Pavel"]
[Result "0-1"]
[WhiteElo "1374"]
[BlackElo "1854"]
[PlyCount "66"]

1. e4 d5 2. e5 Bf5 3. d4 e6 4. Nf3 c5 5. c3 Nc6 6. Bb5 a6 7. Bxc6+ bxc6 8. h3
c4 9. O-O Ne7 10. Bg5 h6 11. Bh4 Qb6 12. Qd2 Rb8 13. a3 Qxb2 14. Qxb2 Rxb2 15.
Nbd2 Ng6 16. Bg3 c5 17. Rfd1 Be7 18. h4 h5 19. Kh2 O-O 20. Nf1 Bg4 21. Rd2 Rb3
22. Rc2 Bxf3 23. gxf3 cxd4 24. Nd2 Rxc3 25. Rxc3 dxc3 26. Nf1 Nxh4 27. f4 Nf3+
28. Kg2 Nd2 29. Ne3 h4 30. Bh2 Rb8 31. a4 d4 32. Nc2 d3 33. Nd4 c2 0-1

[Event "Znojemska rotunda 2002"]
[Site "?"]
[Date "2002.??.??"]
[Round "2"]
[White "Belunek, Zdenek"]
[Black "Rulfova, Zuzana"]
[Result "1-0"]
[WhiteElo "1859"]
[BlackElo "1405"]
[PlyCount "43"]

1. e4 e5 2. Nf3 Nc6 3. Bc4 Bc5 4. c3 d6 5. O-O Nf6 6. d4 Bb6 7. dxe5 dxe5 8.
Qxd8+ Nxd8 9. Nxe5 O-O 10. Nd2 Re8 11. Ndf3 Nxe4 12. h4 h6 13. Bf4 Kf8 14. Rae1
Nf6 15. Re2 Be6 16. Rfe1 Bxc4 17. Nd7+ Kg8 18. Nxf6+ gxf6 19. Rxe8+ Kg7 20. Rd1
c6 21. Nd4 Kg6 22. h5+ 1-0

[Event "Znojemska rotunda 2002"]
[Site "?"]
[Date "2002.??.??"]
[Round "2"]
[White "Blazek, Milos"]
[Black "Michalcak, Lubomir"]
[Result "0-1"]
[WhiteElo "2113"]
[BlackElo "2046"]
[PlyCount "84"]

1. e4 c6 2. d4 d5 3. Nc3 dxe4 4. Nxe4 Bf5 5. Ng3 Bg6 6. h4 h6 7. h5 Bh7 8. Nf3
e6 9. Bd3 Bxd3 10. Qxd3 Bd6 11. Ne4 Be7 12. Bf4 Nf6 13. O-O-O Nxe4 14. Qxe4 Qd5
15. Qxd5 cxd5 16. Rh3 O-O 17. g4 Nc6 18. Rg1 f6 19. Re1 Kf7 20. c3 Rfc8 21. Kb1
b5 22. Nh4 b4 23. Rhe3 bxc3 24. Rxe6 c2+ 25. Kc1 Bb4 26. Bd2 Nxd4 27. Bxb4 Nxe6
28. Nf5 Nf4 29. Re7+ Kg8 30. Bc3 d4 31. Nxd4 Nd5 32. Nf5 Nxc3 33. Rxg7+ Kf8 34.
bxc3 Rxc3 35. Rh7 Kg8 36. Rxh6 Rb8 37. Rg6+ Kf7 38. Nd6+ Ke7 39. Nb7 Ke6 40.
Rg7 Re8 41. Na5 Kd6 42. Nb3 Re1+ 0-1

[Event "Znojemska rotunda 2002"]
[Site "?"]
[Date "2002.??.??"]
[Round "2"]
[White "Valenta, Vit"]
[Black "Holemar, David"]
[Result "0-1"]
[WhiteElo "2075"]
[BlackElo "2284"]
[PlyCount "84"]

1. b4 e5 2. Bb2 Bxb4 3. Bxe5 Nf6 4. Nf3 O-O 5. g3 Re8 6. Bg2 Nc6 7. Bb2 Qe7 8.
e3 d5 9. O-O Bd6 10. d3 Bg4 11. Nbd2 Rad8 12. Rb1 b6 13. h3 Bc8 14. Re1 Ne5 15.
e4 dxe4 16. Nxe4 Nxe4 17. Rxe4 Nxf3+ 18. Qxf3 Qg5 19. Rbe1 Rxe4 20. Qxe4 Be6
21. c4 Bb4 22. Re3 Qg6 23. Qe5 Bd6 24. Qb5 c5 25. Qa6 Bf8 26. Qa3 Rd7 27. Bc6
Rc7 28. Be4 Qh5 29. g4 Qh4 30. Be5 Rd7 31. Bc6 Rd4 32. Qc3 Rd8 33. Bg3 Qxh3 34.
Be5 Qxg4+ 35. Rg3 Qd1+ 36. Kg2 g6 37. Rf3 Qe2 38. Bf6 Rd6 39. Be4 Rd7 40. Rg3
Qd1 41. Bc6 Rd6 42. Bf3 Qxd3 0-1

[Event "Znojemska rotunda 2002"]
[Site "?"]
[Date "2002.??.??"]
[Round "2"]
[White "Vlk, Miroslav"]
[Black "Skaroupka, Jiri"]
[Result "0-1"]
[WhiteElo "2160"]
[BlackElo "2059"]
[PlyCount "72"]

1. d4 Nf6 2. c4 g6 3. Nc3 Bg7 4. e4 d6 5. f3 O-O 6. Be3 Nc6 7. Qd2 a6 8. Bd3 e5
9. Nge2 Ng4 10. Bg5 f6 11. fxg4 exd4 12. Bf4 dxc3 13. Nxc3 Bxg4 14. h3 Be6 15.
O-O-O Ne5 16. Nd5 c6 17. Ne3 Qb6 18. Be2 Rad8 19. Kb1 a5 20. h4 Qb4 21. Qxb4
axb4 22. Rd2 Rf7 23. Rhd1 Rfd7 24. b3 Bf8 25. Nc2 Kg7 26. Ne3 Be7 27. Bg3 h5
28. Nc2 d5 29. Nd4 Bf7 30. cxd5 cxd5 31. Bb5 Rd6 32. Nf3 dxe4 33. Bxe5 fxe5 34.
Rxd6 Rxd6 35. Rxd6 Bxd6 36. Ng5 Bd5 0-1

[Event "Znojemska rotunda 2002"]
[Site "?"]
[Date "2002.??.??"]
[Round "2"]
[White "Fojtik, Tomas"]
[Black "Parak, Dominik"]
[Result "0-1"]
[WhiteElo "2107"]
[BlackElo "1978"]
[PlyCount "140"]

1. d4 Nf6 2. c4 g6 3. Nc3 Bg7 4. e4 d6 5. Nf3 O-O 6. Be2 c6 7. O-O Nbd7 8. Bg5
h6 9. Be3 e5 10. d5 c5 11. Ne1 g5 12. Rb1 Nh7 13. Nd3 Re8 14. b4 b6 15. bxc5
bxc5 16. Qb3 Nb6 17. Nb2 f5 18. f3 f4 19. Bd2 h5 20. Nba4 Nxa4 21. Qxa4 a6 22.
Qc6 Ra7 23. Na4 Rf7 24. Rb8 Rc7 25. Qa8 Qe7 26. Nb6 Qf8 27. Nxc8 Rcxc8 28. Rxc8
Rxc8 29. Qa7 Ra8 30. Qc7 Rb8 31. Bc3 Nf6 32. Qc6 Qd8 33. Bd3 Bf8 34. Qxa6 Ra8
35. Qb5 Rxa2 36. Ra1 Rxa1+ 37. Bxa1 Qa8 38. Bc3 Qa3 39. Qb2 Qa4 40. Be2 g4 41.
Kf2 h4 42. h3 g3+ 43. Ke1 Kf7 44. Kd2 Be7 45. Qc2 Qxc2+ 46. Kxc2 Bd8 47. Kb3
Ke7 48. Ka4 Kd7 49. Kb5 Bc7 50. Bd1 Bd8 51. Ka6 Ke7 52. Kb7 Nh7 53. Ba4 Ng5 54.
Be1 Nxf3 55. gxf3 Ba5 56. Bxa5 g2 57. Be1 g1=Q 58. Bxh4+ Kf8 59. Kc7 Qg6 60.
Bd7 Qh5 61. Kxd6 Qxh4 62. Kxe5 Ke7 63. Bf5 Qf6+ 64. Kxf4 Qd4 65. Be6 Qxc4 66.
Kf5 Qf1 67. Kf4 c4 68. e5 c3 69. Bf5 Qc4+ 70. Be4 c2 0-1

[Event "Znojemska rotunda 2002"]
[Site "?"]
[Date "2002.??.??"]
[Round "2"]
[White "Hadac, Pavel"]
[Black "Petlak, Josef jr"]
[Result "1/2-1/2"]
[WhiteElo "1907"]
[BlackElo "1525"]
[PlyCount "98"]

1. e4 e5 2. Nf3 Nc6 3. Bb5 a6 4. Ba4 Nf6 5. O-O d6 6. Re1 Be7 7. c3 O-O 8. h3
b5 9. Bc2 h6 10. d4 Nh7 11. Nbd2 f5 12. Bb3+ Kh8 13. Bd5 Qe8 14. dxe5 f4 15.
exd6 Bxd6 16. e5 Be7 17. Nd4 Nxd4 18. cxd4 c6 19. Be4 Ng5 20. Qc2 Nxe4 21. Qxe4
Be6 22. f3 Qd7 23. Nb3 Bd5 24. Qd3 Bc4 25. Qc3 Bh4 26. Re4 Bg3 27. Nc5 Qe7 28.
b3 Bd5 29. Re2 Bg8 30. Ne4 b4 31. Qc5 Qxc5 32. Nxc5 Rfd8 33. Bb2 Bd5 34. Rc1 a5
35. Na4 Rab8 36. Rc5 Rb5 37. Rxb5 cxb5 38. Nc5 Bh4 39. Rc2 Kg8 40. Kf1 Rc8 41.
Rc1 Be7 42. Nd3 Rxc1+ 43. Bxc1 g5 44. Bd2 Kf7 45. Ke2 Ke6 46. Be1 Bc6 47. Nf2
Bd5 48. Nd3 Bc6 49. Nf2 Bd5 1/2-1/2

[Event "Znojemska rotunda 2002"]
[Site "?"]
[Date "2002.??.??"]
[Round "2"]
[White "Petlak, Josef sr"]
[Black "Adam, Petr sr"]
[Result "0-1"]
[WhiteElo "1959"]
[BlackElo "2108"]
[PlyCount "138"]

1. Nf3 d6 2. g3 e5 3. e4 g6 4. Bg2 Bg7 5. d3 Nc6 6. O-O Bg4 7. c3 Qd7 8. b4
Nge7 9. Bg5 f6 10. Be3 O-O 11. Nbd2 Kh8 12. Qb3 Be6 13. c4 f5 14. Bg5 h6 15. b5
Na5 16. Qb4 hxg5 17. Nxg5 b6 18. Nxe6 Qxe6 19. exf5 Nxf5 20. Bxa8 Rxa8 21. Ne4
Nd4 22. Qb2 Rf8 23. f3 Nb7 24. Qg2 Nc5 25. Nxc5 dxc5 26. Rae1 Qf5 27. Re4 Ne6
28. h4 Rd8 29. Rd1 Rd4 30. Kh2 Kh7 31. Qe2 Qh5 32. Kg2 Rd8 33. Rh1 Nd4 34. Qd1
Rf8 35. Rf1 Bh6 36. Ree1 Qf5 37. Re4 Qf6 38. Rg4 Nf5 39. Re1 Ne3+ 40. Rxe3 Bxe3
41. Qe2 Bh6 42. Re4 Bg7 43. f4 exf4 44. Rxf4 Qd6 45. Rxf8 Qxf8 46. h5 Qf5 47.
hxg6+ Kxg6 48. Qe8+ Kh7 49. Qd8 Qe5 50. Qd7 Qd6 51. Qf5+ Kg8 52. a4 Bf6 53. Kf3
Kf7 54. g4 Ke8 55. g5 Bd4 56. Qc8+ Ke7 57. Qg8 Qe6 58. Qb8 Qh3+ 59. Kf4 Qe3+
60. Kg4 Qe2+ 61. Kf4 Be3+ 62. Ke4 Bd2+ 63. Kf5 Qxd3+ 64. Kg4 Qxc4+ 65. Kh5 Qe2+
66. Kg6 Qe4+ 67. Kh5 Qf3+ 68. Kg6 Qf7+ 69. Kh6 Qf8+ 0-1

[Event "Znojemska rotunda 2002"]
[Site "?"]
[Date "2002.??.??"]
[Round "2"]
[White "Dvorak, Tomas"]
[Black "Mlensky, Dalibor"]
[Result "1-0"]
[WhiteElo "2300"]
[BlackElo "2095"]
[PlyCount "89"]

1. e4 d5 2. exd5 Qxd5 3. Nc3 Qa5 4. g3 Nf6 5. Bg2 e5 6. Nf3 Bd6 7. O-O O-O 8.
d4 exd4 9. Nxd4 c6 10. Nxc6 Nxc6 11. Qxd6 Rd8 12. Qf4 Nd4 13. Be3 Nxc2 14. Rad1
Be6 15. Bc1 Bxa2 16. Rxd8+ Rxd8 17. Nxa2 Nd4 18. Nc3 b5 19. Qe5 Ng4 20. Qc5 Qa6
21. Bg5 Ne6 22. Qf5 Rd4 23. Be3 g6 24. Qxb5 Qxb5 25. Nxb5 Rb4 26. Nxa7 Rxb2 27.
Re1 h5 28. Nc6 Nxe3 29. Rxe3 h4 30. Re1 Kg7 31. Bd5 Ng5 32. Kg2 h3+ 33. Kf1 Rd2
34. Nb4 f5 35. f4 Nh7 36. Re2 Rd4 37. Rb2 Nf6 38. Bf3 g5 39. fxg5 Nh7 40. Nc6
Rd7 41. Ne5 Re7 42. Rb7 Rxb7 43. Bxb7 Nxg5 44. Kf2 Kf6 45. Nf3 1-0

[Event "Znojemska rotunda 2002"]
[Site "?"]
[Date "2002.??.??"]
[Round "2"]
[White "Bastyr, Pavel"]
[Black "Svoboda, Antonin"]
[Result "0-1"]
[WhiteElo "1518"]
[BlackElo "1861"]
[PlyCount "70"]

1. d4 Nf6 2. Bg5 c5 3. Bxf6 gxf6 4. Nf3 cxd4 5. Nxd4 Qb6 6. Nb3 Nc6 7. Nc3 e6
8. e3 d5 9. Bd3 Bd6 10. Qh5 Nb4 11. O-O Bd7 12. Rfc1 Ke7 13. a3 Nxd3 14. cxd3
Qxb3 15. Rab1 Rag8 16. f4 Rg6 17. Qf3 Rhg8 18. g3 Rg4 19. Ne2 Qxd3 20. Rd1 Qe4
21. Qxe4 dxe4 22. Rd4 Bc6 23. Kf2 Rd8 24. b4 a6 25. Nc3 f5 26. a4 Rc8 27. Rb3
Rgg8 28. b5 axb5 29. Nxb5 Bc5 30. Rd2 Ra8 31. Rc2 b6 32. Nd4 Bxa4 33. Ra2 Bxb3
34. Rxa8 Rxa8 35. Nxb3 Ra3 0-1

[Event "Znojemska rotunda 2002"]
[Site "?"]
[Date "2002.??.??"]
[Round "2"]
[White "Dvorak, Libor"]
[Black "Most, Zdenek"]
[Result "1-0"]
[WhiteElo "2046"]
[BlackElo "2118"]
[PlyCount "71"]

1. Nf3 Nf6 2. c4 g6 3. Nc3 Bg7 4. g3 O-O 5. Bg2 d6 6. O-O Nc6 7. Rb1 e5 8. b4
Re8 9. d3 Rb8 10. b5 Na5 11. Qa4 b6 12. Ba3 e4 13. Nd2 exd3 14. exd3 Nd7 15.
Nd5 Nc5 16. Bxc5 dxc5 17. Nb3 Nb7 18. Qxa7 Bf5 19. Rbd1 Be6 20. a4 Bxd5 21.
Bxd5 Nd6 22. a5 Nxb5 23. Bxf7+ Kxf7 24. cxb5 Ra8 25. Qb7 bxa5 26. Nxc5 a4 27.
b6 Be5 28. d4 Bd6 29. Qd5+ Kf6 30. b7 Ra7 31. Rb1 c6 32. Qxc6 Qc7 33. Ne4+ Ke6
34. Qxd6+ Qxd6 35. Nxd6 Rb8 36. Nc4 1-0

[Event "Znojemska rotunda 2002"]
[Site "?"]
[Date "2002.??.??"]
[Round "2"]
[White "Jelen, Jiri"]
[Black "Roesner, Tomas"]
[Result "1-0"]
[WhiteElo "1995"]
[BlackElo "1808"]
[PlyCount "65"]

1. d4 f5 2. c4 Nf6 3. Nc3 g6 4. g3 Bg7 5. Bg2 O-O 6. Nf3 d6 7. Qc2 Nbd7 8. O-O
e5 9. dxe5 Nxe5 10. Nxe5 dxe5 11. Bg5 c6 12. Rad1 Qe7 13. Qc1 Be6 14. b3 Rfd8
15. e4 Rxd1 16. Rxd1 Rd8 17. exf5 gxf5 18. Qe3 Rxd1+ 19. Nxd1 Qd6 20. Qe2 Bf7
21. Ne3 Bg6 22. Bh3 Ne4 23. Bh4 Qd2 24. Qxd2 Nxd2 25. Bd8 Nf3+ 26. Kg2 Nd4 27.
Bc7 Kf7 28. Bb8 a6 29. f4 Ke6 30. Kf2 e4 31. c5 Nf3 32. g4 Bd4 33. gxf5+ 1-0

[Event "Znojemska rotunda 2002"]
[Site "?"]
[Date "2002.??.??"]
[Round "2"]
[White "Kubicek, Martin"]
[Black "Doeekal, Jan"]
[Result "0-1"]
[WhiteElo "1585"]
[BlackElo "1925"]
[PlyCount "74"]

1. c4 Nf6 2. Nc3 g6 3. Nf3 Bg7 4. g3 O-O 5. Bg2 d6 6. d4 c6 7. O-O Nbd7 8. Bg5
Re8 9. e4 Qc7 10. h3 e5 11. d5 c5 12. Nb5 Qb8 13. Nh2 a6 14. Nc3 b5 15. cxb5
axb5 16. Bd2 Ba6 17. Re1 Nb6 18. b3 b4 19. Ne2 Bb5 20. f4 Bxe2 21. Qxe2 exf4
22. Bxf4 Nfxd5 23. Rac1 Nxf4 24. gxf4 Nd5 25. Qf3 Nc3 26. Ng4 Qd8 27. f5 Bd4+
28. Kh2 Qg5 29. f6 h5 30. Ne3 Bxf6 31. e5 Bxe5+ 32. Kh1 Rxa2 33. Nc4 Ne2 34.
Nxe5 Rxe5 35. Ra1 Qd2 36. Rxe2 Rxa1+ 37. Kh2 Rxe2 0-1